Gibraltar A-Z - Statistics

General Stats
  • This quiz has been taken 35 times
  • The average score is 17 of 26
Answer Stats
# Clue Answer % Correct
E Official language English
100%
P Currency Gibraltar {pound} |{Pound} sterling
97%
S Neighboring country Spain
97%
K Anthem until 1952 God Save the {King}
94%
Q Anthem God Save the {Queen}
94%
I Gibraltar is located on this peninsula {Iberian} Peninsula
91%
M Country on the other side of the Strait of Gibraltar Morocco
91%
X 2016 95,9% of the inhabitants of Gibraltar voted against this
The strongest turnout in this direction within the whole UK
Contains a X
Brexit
81%
N Before the arrival of Homo Sapiens Sapiens this human species lived in Gibraltar(Gorham's Cave) Neanderthals
75%
R Popular sport Rugby union
75%
T Famous naval battle near to Gibraltar 1805 Battle of {Trafalgar}
69%
B Only free-living primates of modern Europe {Barbary} macaque/ ape/ magot
66%
F 1982 this war almost spread to Gibraltar {Falklands} War
66%
O Gibraltar has four Synagogues of this religious branch of Judaism {Orthodox} Judaism
63%
U In this treaty Gibraltar became british 1713 Peace of {Utrecht}
63%
G This german prince and Viceroy of Catalonia conquered Gibraltar for the UK in 1704 English version of the name Prince {George} of Hesse-Darmstadt
56%
V Germanic tribe that conquered Gibraltar during the Migration Period Visigoths
56%
D 1942 shortly before Operation Torch this american general (and later US-President) set up his Head Quarter in Gibraltar Dwight D. Eisenhower
50%
H The Rock of Gibraltar and the Jebel Musa (on the other side of the Strait of Gibraltar) were known as these "Pillars" in ancient times Pillars of {Hercules}
50%
L Neighboring town in #S La {Línea} de la Concepción
47%
W Street between #S and GibraltarCrosses the runway of the civilian Airport
Named after a british Premier Minister
{Winston Churchill} Avenue
47%
Z Gibraltars importance as a naval base partially is due to this type of berthThey're especially equipped to serve the logistic needs of nuclear submarines {Z} Berth
44%
A Largest city on the Bay of Gibraltar Algeciras
38%
J Name of the Rock of Gibraltar during al-Andalus {Jabal} Ṭāriq
38%
C Latin name of the Rock of Gibraltar Mons {Calpe}
25%
Y Twin town in the northern irish county AntrimThe name comes from the gaelic An Baile Meánach, which means "the middle townland" Contains an Y Ballymena
22%
No matching quizzes found
Score Distribution
Percent of People with Each Score
Percentile by Number Answered
Your Score History
You have not taken this quiz